| 000 | 00399 a2200157 4500 | ||
|---|---|---|---|
| 005 | 20250416105310.0 | ||
| 020 | _a0-538-01252-8 | ||
| 082 | _a657.3 WAR | ||
| 100 | _aWARREN, C. S. | ||
| 245 | _aFinancial Accounting . | ||
| 250 | _a3rd Ed. | ||
| 260 |
_aChicago, _bSouth-Western publishing co, _c1988. |
||
| 300 |
_axix,836P.:Ill.;figures _bIndex _c23cm. |
||
| 700 | _aFEES, P. E. | ||
| 942 |
_2ddc _cBKS |
||
| 999 |
_c1509 _d1509 |
||